| Поле | Название | Значение |
| |
Тип записи |
a |
| |
Библиографический уровень |
m |
| 001 |
Контрольный номер |
aecc0b8baaff41859812619926b4ce0d |
| 005 |
Дата корректировки |
20140616150117.7 |
| 010 |
Индекс ISBN |
__ |
| a |
ISBN |
0234-543-9-40 |
| 200 |
Заглавие и сведения об ответственности |
1_ |
| a |
Заглавие |
Использование оффшоров в налоговом планировании |
| f |
Первые сведения об ответственности |
Ерицян А.В., Азарян Р.Г. |
| 210 |
Выходные данные |
1_ |
| a |
Место издания |
М. |
| c |
Издательство |
Главбух |
| d |
Дата издания |
2003 |
| 215 |
Физическое описание |
__ |
| a |
Объем |
205 с. |
| 225 |
Серия |
2_ |
| a |
Серия |
Бухгалтерская панорама |
| 610 |
Ключевые слова |
0_ |
| a |
Ключевые слова |
офф-шор |
| 610 |
Ключевые слова |
0_ |
| a |
Ключевые слова |
оффшорные зоны |
| 610 |
Ключевые слова |
0_ |
| a |
Ключевые слова |
оффшорный бизнес |
| 610 |
Ключевые слова |
0_ |
| a |
Ключевые слова |
оптимизационные модели |
| 610 |
Ключевые слова |
0_ |
| a |
Ключевые слова |
оптимизация налоговых платежей |
| 610 |
Ключевые слова |
0_ |
| a |
Ключевые слова |
налогообложение |
| 610 |
Ключевые слова |
0_ |
| a |
Ключевые слова |
свободные экономические зоны |
| 610 |
Ключевые слова |
0_ |
| a |
Ключевые слова |
налоговые статусы |
| 610 |
Ключевые слова |
0_ |
| a |
Ключевые слова |
формы оффшорных компаний |
| 610 |
Ключевые слова |
0_ |
| a |
Ключевые слова |
траст |
| 610 |
Ключевые слова |
0_ |
| a |
Ключевые слова |
налоговые оазисы |
| 610 |
Ключевые слова |
0_ |
| a |
Ключевые слова |
двойное налогообложение |
| 610 |
Ключевые слова |
0_ |
| a |
Ключевые слова |
антиоффшорное законодательство |
| 610 |
Ключевые слова |
0_ |
| a |
Ключевые слова |
преимущество оффшорных зон |
| 610 |
Ключевые слова |
0_ |
| a |
Ключевые слова |
грязные деньги |
| 610 |
Ключевые слова |
0_ |
| a |
Ключевые слова |
налоговое планирование |
| 686 |
Индексы других классификаций |
__ |
| a |
Классификационный индекс |
65.9(2)81 |
| 2 |
Код системы |
rubbk |
| 686 |
Индексы других классификаций |
__ |
| a |
Классификационный индекс |
67.622.2 |
| 2 |
Код системы |
rubbk |
| 686 |
Индексы других классификаций |
__ |
| a |
Классификационный индекс |
65.826.14 |
| 2 |
Код системы |
rubbk |
| 700 |
Автор |
_1 |
| a |
Фамилия |
Ерицян А.В. |
| 701 |
Альтернативная интеллектуальная ответственность |
_1 |
| a |
Фамилия |
Азарян Р.Г. |
| 801 |
Источник записи |
_0 |
| a |
Страна |
RU |
| b |
Организация |
РУК |
| c |
Дата составления |
20030620 |
| g |
Правила каталогизации |
PSBO |
| 801 |
Источник записи |
_1 |
| a |
Страна |
RU |
| b |
Организация |
РУК |
| c |
Дата составления |
20030620 |
| g |
Правила каталогизации |
PSBO |
| 852 |
Данные о местонахождении |
__ |
| i |
Авторский знак |
Е71 |
| j |
Шифр хранения |
ББК 65.9(2)8 |
| 901 |
Тип документа |
__ |
| t |
Тип документа |
m |
| 938 |
Служебная информация |
__ |
| a |
Название организации |
Головной вуз |
| b |
Имя БД |
BOOK |
| c |
Название АИБС |
АИБС ИРБИС |